[Event "Kinross USSA (Women) op"]
[Site "Kinross"]
[Date "2018.07.06"]
[Round "9"]
[White "Ndlovu, Talia"]
[Black "Setwaba, Refilwe"]
[Result "1-0"]
[WhiteElo "1312"]
[BlackElo "1325"]
[PlyCount "81"]
[EventDate "2018.07.02"]
[EventType "swiss"]
[EventRounds "9"]
[EventCountry "RSA"]
[SourceTitle "CBM 185 Extra"]
[Source "ChessBase"]
[SourceDate "2018.07.29"]
[SourceVersion "1"]
[SourceVersionDate "2018.07.29"]
[SourceQuality "1"]

1. c4 e6 2. d4 d5 3. Nc3 Nf6 4. Nf3 Be7 5. Bg5 0-0 6. e3 b6 7. Bd3 Bb7 8. 0-0 Ne4 9. Bxe7 Qxe7 10. Qc2 Nf6 11. Ne5 dxc4 12. Bxc4 Nbd7 13. Bd3 h6 14. Nb5 Nxe5 15. dxe5 Nd5 16. a3 c5 17. Be4 Qg5 18. f4 Qg4 19. Rfe1 Bc6 20. Nd6 Qh4 21. Rab1 Qd8 22. b4 Ne7 23. Bxc6 Nxc6 24. bxc5 f6 25. cxb6 Qd7 26. Rec1 Ne7 27. Qc7 Qxc7 28. bxc7 fxe5 29. fxe5 Kh7 30. Rf1 Kg8 31. Rxf8+ Rxf8 32. Rb8 g5 33. Rxf8+ Kxf8 34. c8Q+ Nxc8 35. Nxc8 Ke8 36. Nxa7 Kd7 37. Kf2 Kc7 38. Kf3 h5 39. Nb5+ Kb6 40. Nd6 Kc6 41. e4 1-0

[Event "Kinross USSA (Women) op"]
[Site "Kinross"]
[Date "2018.07.05"]
[Round "7"]
[White "Ndlovu, Talia"]
[Black "Mkhize, Nomthandazo"]
[Result "1-0"]
[WhiteElo "1312"]
[BlackElo "706"]
[PlyCount "88"]
[EventDate "2018.07.02"]
[EventType "swiss"]
[EventRounds "9"]
[EventCountry "RSA"]
[SourceTitle "CBM 185 Extra"]
[Source "ChessBase"]
[SourceDate "2018.07.29"]
[SourceVersion "1"]
[SourceVersionDate "2018.07.29"]
[SourceQuality "1"]

1. d4 d5 2. c4 e6 3. Nc3 Nf6 4. Bg5 Be7 5. Nf3 c6 6. e3 0-0 7. Bd3 Nbd7 8. 0-0 a6 9. Qc2 h6 10. Bh4 dxc4 11. Bxc4 Nd5 12. Bxe7 Nxe7 13. Rfd1 Ng6 14. Bd3 Qe8 15. Ne4 f5 16. Nd6 Qe7 17. Nc4 Kh8 18. Re1 Rf7 19. e4 Qf8 20. e5 Re7 21. Rad1 Kh7 22. Nd6 Nb6 23. g4 Nf4 24. Bf1 g6 25. g5 h5 26. b3 Nbd5 27. a3 Rb8 28. b4 Rc7 29. Qd2 b5 30. Rc1 Qe7 31. h4 Bb7 32. Rc2 Qd7 33. Rec1 Qe7 34. Nxb7 Rbxb7 35. Rxc6 Rxc6 36. Rxc6 Ra7 37. Rc5 Rc7 38. Ne1 Kg7 39. Kh2 Kf7 40. Kg3 Kg7 41. Qc1 Rxc5 42. Qxc5 Qxc5 43. dxc5 Kf7 44. c6 Ke7 1-0

[Event "Johannesburg Redpath op"]
[Site "Johannesburg"]
[Date "2016.07.17"]
[Round "9"]
[White "Jurgens, John C"]
[Black "Ndlovu, Talia"]
[Result "1-0"]
[WhiteElo "1714"]
[BlackElo "1203"]
[PlyCount "86"]
[EventDate "2016.07.13"]
[EventType "swiss"]
[EventRounds "9"]
[EventCountry "RSA"]
[SourceTitle "CBM 173 Extra"]
[Source "ChessBase"]
[SourceDate "2016.08.29"]
[SourceVersion "1"]
[SourceVersionDate "2016.08.29"]
[SourceQuality "1"]

1. c4 c6 2. Nc3 d5 3. d4 Bf5 4. cxd5 cxd5 5. Nf3 Nc6 6. Bf4 Nf6 7. e3 Nh5 8. Bg3 Nxg3 9. hxg3 h6 10. Bd3 Bg4 11. Qa4 Bxf3 12. gxf3 e6 13. Bb5 Qc7 14. Rc1 a6 15. Bxc6+ Qxc6 16. Qxc6+ bxc6 17. Na4 Bb4+ 18. Ke2 0-0 19. Rxc6 Rfc8 20. Rhc1 Rxc6 21. Rxc6 a5 22. Nc5 Rb8 23. Na6 Rb7 24. Rc8+ Kh7 25. Rb8 Rxb8 26. Nxb8 a4 27. a3 Ba5 28. Na6 g5 29. Nc5 h5 30. Nxa4 h4 31. Kf1 h3 32. b4 Bc7 33. Kg1 Kg8 34. Kh2 Kf8 35. Kxh3 Ke7 36. Kg4 f6 37. f4 e5 38. fxe5 fxe5 39. dxe5 Bxe5 40. Kxg5 d4 41. exd4 Bxd4 42. f4 Bf6+ 43. Kf5 Kd6 1-0

[Event "Johannesburg Redpath op"]
[Site "Johannesburg"]
[Date "2016.07.15"]
[Round "4"]
[White "Menyuku, Boitumelo Oscar"]
[Black "Ndlovu, Talia"]
[Result "1-0"]
[WhiteElo "1785"]
[BlackElo "1203"]
[PlyCount "47"]
[EventDate "2016.07.13"]
[EventType "swiss"]
[EventRounds "9"]
[EventCountry "RSA"]
[SourceTitle "CBM 173 Extra"]
[Source "ChessBase"]
[SourceDate "2016.08.29"]
[SourceVersion "1"]
[SourceVersionDate "2016.08.29"]
[SourceQuality "1"]

1. d4 d5 2. c4 c6 3. Nc3 dxc4 4. a4 Nd7 5. e4 Ngf6 6. Bxc4 e6 7. Nf3 Bb4 8. Qe2 Nb6 9. Bd3 0-0 10. e5 Nfd5 11. Bxh7+ Kh8 12. 0-0 Bxc3 13. bxc3 Nxc3 14. Qd3 g6 15. Ng5 Nbd5 16. Qh3 Nf4 17. Qh6 Qxg5 18. Qxg5 Kxh7 19. Bxf4 Ne2+ 20. Kh1 Nxd4 21. Ra3 b6 22. Rh3+ Kg8 23. Qf6 Rd8 24. Qg5 1-0

[Event "RSA-chT Regions"]
[Site "Cape Town"]
[Date "2016.01.08"]
[Round "2.4"]
[White "Ndlovu, Talia"]
[Black "November, Byron"]
[Result "1/2-1/2"]
[WhiteElo "1120"]
[BlackElo "1320"]
[PlyCount "75"]
[EventDate "2016.01.08"]
[EventType "team-swiss"]
[EventRounds "7"]
[EventCountry "RSA"]
[SourceTitle "CBM 170 Extra"]
[Source "ChessBase"]
[SourceDate "2016.02.25"]
[SourceVersion "1"]
[SourceVersionDate "2016.02.25"]
[SourceQuality "1"]
[WhiteTeam "Johannesburg Metro III"]
[BlackTeam "EThekwini"]
[WhiteTeamCountry "RSA"]
[BlackTeamCountry "RSA"]

1. d4 d5 2. c4 Nf6 3. Nc3 c6 4. Bg5 Bf5 5. e3 e6 6. Nf3 Be7 7. c5 Nbd7 8. Bd3 Ne4 9. Bxe7 Qxe7 10. Qc2 0-0 11. Nxe4 dxe4 12. Bxe4 Bxe4 13. Qxe4 Nf6 14. Qd3 Rad8 15. 0-0 Qxc5 16. Qxh7+ Kxh7 17. dxc5 Ne4 18. b4 Nc3 19. h3 Rd5 20. Kh2 Rfd8 21. Nd4 g6 22. a4 a6 23. Rfc1 e5 24. Nxc6 bxc6 25. Rxc3 Rb8 26. Rc4 Rd2 27. f4 exf4 28. Rxf4 Kg7 29. Rb1 Rd3 30. Re4 Rb7 31. Kg3 Rc3 32. Rd1 a5 33. Rb1 f5 34. Re6 axb4 35. Rxc6 Rxe3+ 36. Kf4 Re4+ 37. Kg5 Kf7 38. Rxg6 1/2-1/2

[Event "RSA-chT U18"]
[Site "Cape Town"]
[Date "2016.01.06"]
[Round "5.8"]
[White "Ndlovu, Talia"]
[Black "Naicker, Siven"]
[Result "0-1"]
[WhiteElo "1120"]
[BlackElo "1183"]
[PlyCount "52"]
[EventDate "2016.01.04"]
[EventType "team-tourn"]
[EventRounds "7"]
[EventCountry "RSA"]
[SourceTitle "CBM 170 Extra"]
[Source "ChessBase"]
[SourceDate "2016.02.25"]
[SourceVersion "1"]
[SourceVersionDate "2016.02.25"]
[SourceQuality "1"]
[WhiteTeam "Johannesburg Metro"]
[BlackTeam "Ethekwini"]
[WhiteTeamCountry "RSA"]
[BlackTeamCountry "RSA"]

1. d4 d5 2. c4 Nf6 3. Nc3 Bf5 4. Bf4 e6 5. e3 c6 6. Nf3 Bd6 7. Bxd6 Qxd6 8. Rc1 0-0 9. Be2 Nbd7 10. 0-0 Ne4 11. cxd5 Nxc3 12. Rxc3 exd5 13. Bd3 Bg4 14. Bxh7+ Kh8 15. Bd3 g6 16. Re1 Kg7 17. e4 dxe4 18. Bxe4 Nf6 19. Rce3 Rh8 20. g3 Rad8 21. Rb3 b6 22. Qd3 c5 23. dxc5 Qxd3 24. Rxd3 Rxd3 25. Bxd3 Bxf3 26. cxb6 axb6 0-1

[Event "Johannesburg Africa op (Women)"]
[Site "Johannesburg"]
[Date "2015.08.08"]
[Round "3"]
[White "Ndlovu, Talia"]
[Black "Chen, Lilian"]
[Result "0-1"]
[WhiteElo "1016"]
[BlackElo "1476"]
[PlyCount "106"]
[EventDate "2015.08.07"]
[EventType "swiss"]
[EventRounds "7"]
[EventCountry "RSA"]
[SourceTitle "EXT 2016"]
[Source "ChessBase"]
[SourceDate "2015.10.08"]
[SourceVersion "1"]
[SourceVersionDate "2015.10.08"]
[SourceQuality "1"]

1. d4 Nf6 2. c4 g6 3. Nc3 d5 4. e3 Bg7 5. Nf3 0-0 6. Bd3 Bg4 7. h3 Be6 8. cxd5 Nxd5 9. 0-0 c5 10. e4 cxd4 11. Nxd5 Bxd5 12. exd5 Qxd5 13. Bg5 Re8 14. Re1 Nc6 15. b3 e5 16. Bc4 Qc5 17. Nd2 e4 18. Nxe4 Rxe4 19. Rxe4 Qxg5 20. Qe2 Rf8 21. Re1 Qc5 22. Rc1 Qf5 23. a4 Ne5 24. f4 Nxc4 25. Rxc4 Qd5 26. Qd3 b5 27. Rb4 bxa4 28. Rxa4 Rc8 29. Rc4 Rxc4 30. bxc4 Qc5 31. Re8+ Bf8 32. Rd8 Qb6 33. Rc8 Kg7 34. Kf2 a5 35. Kf3 Qb7+ 36. Qe4 Qxc8 37. Qxd4+ Kg8 38. Qc3 Qc6+ 39. Kg4 a4 40. h4 Qxg2+ 41. Qg3 Qxg3+ 42. Kxg3 a3 43. c5 Bxc5 44. f5 a2 45. fxg6 fxg6 46. h5 a1Q 47. hxg6 hxg6 48. Kg4 Qe5 49. Kf3 g5 50. Kg4 Qf4+ 51. Kh5 Be3 52. Kg6 g4 53. Kh5 Qg5# 0-1